000 01212nam a2200229Ia 4500
003 Ost
005 20260507075742.0
008 260507s9999||||xx |||||||||||||| ||und||
020 _a1007383977
040 _cfsecg
041 _aara
082 _a330
100 _aعيسى، مصطفى حسن محمد
_eمؤلف
245 0 _aالمعادلات التفاضلية :
_bالنظريات- الحلول- التطبيقات /
_c مصطفى حسن محمد عيسى
260 _aالقاهرة:
_bايتراك للطباعة والنشر والتوزيع,
_c2004
300 _a454 صفحة؛
_bإيضاحات ؛
_c24 سم
520 _aالمعادلات التفاضلية من الرتبة الأولى- تطبيقات على المعادلات التفاضلية من الرتب الأعلى من الأولى- بعض الطرق الأخرى لحل المعادلات- حل المعادلات التفاضلية- مقدمة في الحلول الرفيعة للمعادلات التفاضلية- مسائل متنوعة على جميع أنواع المعادلات التفاضلية
653 _aالرياضيات
653 _aالمعادلات
653 _aالنظريات
942 _cكتاب
999 _c46151
_d46151